Diseño interactivo

Saved in:
Bibliografiske detaljer
Main Authors: Kristof, Ray (Author), Satran, Amy (Author)
Format: Bog
Sprog:spansk
Udgivet: Madrid Anaya Multimedia 1998
Serier:Biblioteca Profesional de Diseño. Diseño y Creatividad
Fag:
Tags: Tilføj Tag
Ingen Tags, Vær først til at tagge denne postø!

MARC

LEADER 00000nam a2200000 a 4500
001 UCO5626
003 CL-VaPUC
008 000908e19980000SP |||||||||||||||||spa|d
082 0 4 |a 006.6  |b KRI  |2 21 
100 0 |a Kristof, Ray  |e author  |9 450332 
700 0 |a Satran, Amy  |e author  |9 450333 
245 1 0 |a Diseño interactivo 
300 |a 136 p 
942 |c BK 
945 |d 20000908 00:00:00  |a rbrito 
260 |a Madrid  |b Anaya Multimedia  |c 1998 
650 7 |a DISEÑO CON AYUDA DE COMPUTADORA  |2 CL-VaPUC  |9 450334 
650 0 |a Aplicaciones de computadores  |9 260401 
650 0 |a Diseño artístico  |9 330956 
650 0 |a Creación artística   |9 266215 
650 7 |a DIBUJO TECNICO  |2 CL-VaPUC  |9 450336 
583 |a last modification  |c 20000908 00:00:00  |k Rodrigo Vera 
490 0 |a Biblioteca Profesional de Diseño. Diseño y Creatividad 
999 |c 291475  |d 291473 
952 |0 0  |1 0  |4 0  |6 006_600000000000000_KRI_1998  |7 0  |8 A  |9 341329  |a FDOPOS  |b FDOPOS  |d 2019-11-20  |i 3643573  |o 006.6 KRI 1998  |p 3643573  |r 2025-01-22  |w 2019-11-20  |y BK  |k MLA